000 00541nam a2200169 i 4500
001 85865
003 ES-MaACL
005 20230906175326.0
007 t|
008 041202s1956 sp ||||1| spa d
100 1 _aKeeler, Harry Stephen.
_967708
245 1 3 _aLa muchacha del maletín azulado /
_cpor Harry Stephen Keeler ; traducción de Fernando Noriega Olea.
260 _aMadrid :
_bInstituto Editorial Reus,
_c1956.
300 _a288 p. ;
_c19 cm.
700 1 _aNoriega Olea, Fernando.
_985986
852 _aES-MaACL
_jC-12576
_bR.40115
999 _c85865
_d85865